| 000 | 00618nam a2200205 a 4500 | ||
|---|---|---|---|
| 008 | |||
| 049 | _aMAIN | ||
| 090 | _aTN7575 | ||
| 110 | 0 | _aTHe Mond Nickel Company | |
| 245 | 1 | 0 | _aTranformation Characteristics of Direct-Hardening Nickel Alloy steels |
| 260 |
_aLondon : _bThe Mond Nickel Company , _c1950 |
||
| 300 |
_a91 p. : _bill. ; _c21 cm. |
||
| 504 | _aIncludes bibliographical references. | ||
| 650 | 1 |
_aNickel _zAlloy Steel |
|
| 907 |
_a.b10185483 _b23-01-06 _c13-01-06 |
||
| 003 | |||
| 005 | 20230123134139.0 | ||
| 040 | _cNUST | ||
| 942 |
_cBOOKS _kTN7575 |
||
| 999 |
_c160853 _d160853 |
||